Odštartovali novú sezónu Lesnica - cieľ poľských turistov

Bibliographic Details
Main Author: (r) (Author)
Format: Article
Language:Slovak
Subjects:

MARC

LEADER 00000nab a2200000 a 4500
001 vtls001025864
003 SK-MaSNL
005 20260303042755.0
008 040720e19990408xo 0 slo
035 |a SL4419 
040 |a SLLK  |b slo  |c SLLK  |e AACR2 
041 0 |a slo 
044 |a xo  |c SK 
080 |a 394.912  |2 1981 
080 |a 379.85  |2 1981 
100 0 |a (r)  |4 aut  |9 636179 
245 1 0 |a Odštartovali novú sezónu  |b Lesnica - cieľ poľských turistov 
650 0 7 |a priechody hraničné  |2 SLLK  |9 901200 
650 0 7 |a sezóna letná turistická  |2 SLLK  |9 1022464 
650 0 7 |a začiatky  |2 SLLK  |9 881532 
650 0 7 |a informácie  |2 SLLK  |9 1285 
651 7 |a Lesnica (Slovensko)  |2 SLLK  |9 56924 
651 7 |a Szczawnica (Poľsko)  |2 SLLK  |9 59282 
651 7 |a SL,  |2 SLLK  |9 1022390 
655 7 |a periodikum  |2 snkbucl  |9 29553 
773 0 8 |t Ľubovnianske noviny  |g Roč. 25, č.14, 8.4.1999, s. 2 
852 |a ZVYKNI  |b KIS3GCP 
999 |c 1693713  |d 1695643